Welcome to CU Library Online Public Access Catalogue (OPAC)

Mosby's Color Atlas and Text of Neurology/ (Record no. 3520)

MARC details
000 -LEADER
fixed length control field 00450nam a22001577a 4500
005 - DATE AND TIME OF LATEST TRANSACTION
control field 20250206181839.0
008 - FIXED-LENGTH DATA ELEMENTS--GENERAL INFORMATION
fixed length control field 250206b |||||||| |||| 00| 0 eng d
020 ## - INTERNATIONAL STANDARD BOOK NUMBER
International Standard Book Number 9780723424970
050 ## - LIBRARY OF CONGRESS CALL NUMBER
Classification number RC358.8
Item number .P47
100 ## - MAIN ENTRY--PERSONAL NAME
Personal name Perkin, G. David
245 ## - TITLE STATEMENT
Title Mosby's Color Atlas and Text of Neurology/
Statement of responsibility, etc. G. David Perkin
260 ## - PUBLICATION, DISTRIBUTION, ETC.
Place of publication, distribution, etc. London
Name of publisher, distributor, etc. Mosby -Wolfe
Date of publication, distribution, etc. 1998
300 ## - PHYSICAL DESCRIPTION
Extent v. 306p.
Other physical details ill. color
Dimensions 23.5cm
500 ## - GENERAL NOTE
General note includes index
942 ## - ADDED ENTRY ELEMENTS (KOHA)
Source of classification or shelving scheme Library of Congress Classification
Koha item type Books
Suppress in OPAC No
999 ## -
-- 3520
-- 3520
Holdings
Withdrawn status Lost status Source of classification or shelving scheme Damaged status Not for loan Collection Home library Current library Shelving location Date acquired Total checkouts Full call number Barcode Date last seen Copy number Price effective from Koha item type
    Library of Congress Classification     Non-fiction Science Library (Miotso) Science Library (Miotso) General stacks 02/06/2025   RC358.8 .P47 PER SLM00002946 02/06/2025 1 02/06/2025 Books
© 2023-2024 Copyright: Central University Libraries. All Rights Reserved | Created by: Mahone Tech Office